[Event "Madrid ch - Previa A"]
[Site "Madrid ESP"]
[Date "2010.11.22"]
[Round "6.2"]
[White "Montero Garcia, Fco. Javier"]
[Black "Rodriguez Vignote, Javier"]
[Result "1/2-1/2"]
[WhiteElo "1925"]
[BlackElo "1904"]
[PlyCount "136"]
[EventDate "2010.11.10"]
[EventType "swiss"]
[EventRounds "9"]
[EventCountry "ESP"]
[Source "lmi"]
[SourceDate "2010.11.10"]

1. e4 e6 2. d3 d5 3. Nd2 c5 4. Ngf3 Nc6 5. g3 Bd6 6. Bg2 Nge7 7. O-O O-O 8. Re1
Qc7 9. c3 Bd7 10. Qe2 f6 11. Nf1 d4 12. h4 e5 13. Kh2 Bg4 14. Bh3 Qd7 15. Bxg4
Qxg4 16. Nxd4 Qxe2 17. Nxe2 f5 18. Kg2 f4 19. Ng1 Rf6 20. g4 Bc7 21. Nf3 Rd8
22. d4 cxd4 23. cxd4 Nxd4 24. Nxd4 Rxd4 25. b3 Ng6 26. Bb2 Rd3 27. Red1 Nxh4+
28. Kh2 Rfd6 29. Rxd3 Rxd3 30. Rc1 Nf3+ 31. Kg2 Bb6 32. Nh2 Nh4+ 33. Kh1 Bxf2
34. Bxe5 Be3 35. Rf1 Ng6 36. Bb8 Rd8 37. Bc7 Re8 38. Kg2 Rxe4 39. Nf3 Re6 40.
Rd1 h6 41. Nd4 Re7 42. Bd6 Rd7 43. Nf5 Bb6 44. Re1 Kf7 45. Kf3 Be3 46. Bb8 Bc5
47. Bxf4 Nxf4 48. Kxf4 g6 49. Nxh6+ Kg7 50. g5 Rd2 51. Rc1 b6 52. b4 Bd6+ 53.
Ke4 Kf8 54. Rc8+ Ke7 55. Rg8 Rxa2 56. Rg7+ Ke6 57. Rxg6+ Kd7 58. Rg7+ Kc6 59.
Rg6 Rd2 60. Nf7 a6 61. Rxd6+ Rxd6 62. Nxd6 Kxd6 63. Kf5 Ke7 64. Kg6 a5 65. bxa5
bxa5 66. Kh7 a4 67. g6 a3 68. g7 a2 1/2-1/2

[Event "Madrid ch - Previa A"]
[Site "Madrid ESP"]
[Date "2010.11.22"]
[Round "6.3"]
[White "Martin-consuegra Barrilero, Javier"]
[Black "Perez Cameselle, Francisco"]
[Result "1/2-1/2"]
[WhiteElo "1908"]
[BlackElo "1882"]
[PlyCount "105"]
[EventDate "2010.11.10"]
[EventType "swiss"]
[EventRounds "9"]
[EventCountry "ESP"]
[Source "lmi"]
[SourceDate "2010.11.10"]

1. Nf3 Nf6 2. d4 g6 3. Bf4 Bg7 4. e3 d6 5. Be2 Nh5 6. Bg5 O-O 7. O-O f5 8. Nc3
Nf6 9. Bxf6 Bxf6 10. Nd5 Bg7 11. Bc4 e6 12. Nf4 d5 13. Bb3 g5 14. Nd3 Nd7 15.
c4 c6 16. Qe2 g4 17. Nfe5 Nxe5 18. Nxe5 Bxe5 19. dxe5 Qc7 20. f4 gxf3 21. Rxf3
Qxe5 22. Rg3+ Kh8 23. Qh5 Bd7 24. Rh3 Qg7 25. Rb1 Be8 26. Qh4 Bg6 27. Qd4 e5
28. Qc5 dxc4 29. Bxc4 f4 30. Rc1 Be4 31. Bf1 Rg8 32. exf4 exf4 33. Qc3 Qxc3 34.
Rcxc3 f3 35. g3 Rgf8 36. Kf2 Rad8 37. Ke3 Rfe8 38. Rh4 Bd3+ 39. Kf2 Bxf1 40.
Kxf1 Rf8 41. Rc2 Kg7 42. Kf2 Rd3 43. Re4 Rf7 44. g4 Rfd7 45. Rec4 Kg6 46. h4 h6
47. b3 R7d5 48. Kg3 Rd7 49. Rf2 Rd2 50. Rc2 Rxc2 51. Rxc2 Rd3 52. Rf2 c5 53.
Rxf3 1/2-1/2

[Event "Madrid ch - Previa A"]
[Site "Madrid ESP"]
[Date "2010.11.22"]
[Round "6.4"]
[White "Lopez Garralon, Miguel"]
[Black "Galan Aguado, Fernando"]
[Result "1/2-1/2"]
[WhiteElo "1882"]
[BlackElo "1820"]
[PlyCount "46"]
[EventDate "2010.11.10"]
[EventType "swiss"]
[EventRounds "9"]
[EventCountry "ESP"]
[Source "lmi"]
[SourceDate "2010.11.10"]

1. e4 e6 2. b3 d5 3. Bb2 dxe4 4. Nc3 Nf6 5. Qe2 Bd7 6. Nxe4 Nxe4 7. Qxe4 Bc6 8.
Qg4 Nd7 9. Nf3 Qe7 10. Bc4 Nf6 11. Qf4 O-O-O 12. O-O-O Nd5 13. Qg3 h5 14. Ne5
Be8 15. Rhe1 h4 16. Qg4 Nb6 17. f4 Nxc4 18. Nxc4 f5 19. Qe2 Rh6 20. Qe3 Qc5 21.
Qxc5 Bxc5 22. d4 Bd6 23. Nxd6+ cxd6 1/2-1/2

[Event "Madrid ch - Previa A"]
[Site "Madrid ESP"]
[Date "2010.11.22"]
[Round "6.5"]
[White "Garcia Salamero, Hector"]
[Black "Pardo Robles, Jose Manuel"]
[Result "1-0"]
[WhiteElo "1815"]
[BlackElo "1871"]
[PlyCount "105"]
[EventDate "2010.11.10"]
[EventType "swiss"]
[EventRounds "9"]
[EventCountry "ESP"]
[Source "lmi"]
[SourceDate "2010.11.10"]

1. e4 c5 2. Nf3 d6 3. d4 cxd4 4. Nxd4 Nf6 5. Nc3 e6 6. h3 Nc6 7. Nde2 b5 8. a3
a6 9. g4 Bb7 10. Bg2 Qc7 11. Be3 Be7 12. O-O Rd8 13. f4 Nd7 14. Qe1 O-O 15. Qf2
Na5 16. b3 Ba8 17. Ra2 Bf6 18. Nb1 Nc6 19. g5 Be7 20. f5 exf5 21. exf5 Nce5 22.
Nbc3 f6 23. Nd5 Bxd5 24. Bxd5+ Rf7 25. Nf4 Nf8 26. Bb6 Qb8 27. Bxd8 Bxd8 28.
Kh2 fxg5 29. Nd3 Nfd7 30. Re1 Kf8 31. Nxe5 Nxe5 32. Rxe5 dxe5 33. Bxf7 e4+ 34.
Kg2 Kxf7 35. Ra1 Bb6 36. Qe2 e3 37. Rd1 Qe5 38. Qf3 Ke7 39. Qd5 Bc7 40. Qxe5+
Bxe5 41. Kf3 Bf4 42. c4 bxc4 43. bxc4 h5 44. c5 Kf6 45. Rd5 Be5 46. c6 g4+ 47.
hxg4 hxg4+ 48. Kxe3 Bc7 49. Rd7 Bb6+ 50. Kf4 g3 51. Kxg3 Kxf5 52. c7 Bxc7+ 53.
Rxc7 1-0

[Event "Madrid ch - Previa A"]
[Site "Madrid ESP"]
[Date "2010.11.22"]
[Round "6.6"]
[White "Monge Gilgado, Eva Maria"]
[Black "Fernandez Aransay, Fernando"]
[Result "1-0"]
[WhiteElo "1812"]
[BlackElo "1925"]
[PlyCount "103"]
[EventDate "2010.11.10"]
[EventType "swiss"]
[EventRounds "9"]
[EventCountry "ESP"]
[Source "lmi"]
[SourceDate "2010.11.10"]

1. e4 c6 2. d4 d5 3. Nc3 dxe4 4. Nxe4 Nd7 5. Nf3 Ngf6 6. Ng3 e6 7. Bd3 c5 8. c3
cxd4 9. Nxd4 Bc5 10. O-O O-O 11. Be3 Ne5 12. Ne4 Nxd3 13. Qxd3 Nxe4 14. Qxe4
Qe7 15. f4 Rb8 16. f5 exf5 17. Qxe7 Bxe7 18. Nxf5 Bxf5 19. Rxf5 b6 20. Re1 Rfe8
21. Bd4 f6 22. Rd5 Rb7 23. Kf2 Kf7 24. a4 Rd8 25. Rb5 Rdd7 26. Re2 Bd8 27. Ke1
Re7 28. Rxe7+ Rxe7+ 29. Kd2 Bc7 30. g3 g6 31. Kd3 h5 32. Rd5 h4 33. gxh4 Bxh2
34. a5 Bc7 35. a6 f5 36. b4 f4 37. c4 f3 38. Bf2 Bf4 39. Rd4 Bh2 40. Rd8 Bf4
41. Ra8 Bd6 42. c5 bxc5 43. bxc5 Bf4 44. c6 Re2 45. Rxa7+ Kg8 46. Bb6 Rd2+ 47.
Ke4 f2 48. Bxf2 Rxf2 49. c7 Bxc7 50. Rxc7 Rf8 51. a7 Kh8 52. Rb7 1-0

[Event "Madrid ch - Previa A"]
[Site "Madrid ESP"]
[Date "2010.11.22"]
[Round "6.7"]
[White "Cano Cabanillas, Javier"]
[Black "Canseco Arenas, Alfonso"]
[Result "1-0"]
[WhiteElo "1918"]
[BlackElo "1808"]
[PlyCount "53"]
[EventDate "2010.11.10"]
[EventType "swiss"]
[EventRounds "9"]
[EventCountry "ESP"]
[Source "lmi"]
[SourceDate "2010.11.10"]

1. e4 g6 2. d4 d6 3. Nc3 Bg7 4. Be3 a6 5. a4 Nc6 6. g3 Nf6 7. h3 b6 8. Bg2 Bb7
9. Nge2 Nb4 10. O-O O-O 11. Qd2 c5 12. e5 Bxg2 13. exf6 Bxf1 14. fxg7 Re8 15.
Rxf1 Qd7 16. Kh2 Kxg7 17. dxc5 bxc5 18. Rd1 Qb7 19. Bh6+ Kg8 20. Nf4 Rac8 21.
Re1 Nc6 22. Qd5 Qxb2 23. Ne4 Qxc2 24. Re2 Qxa4 25. Ng5 Nd8 26. Nh5 gxh5 27. Qf5
1-0

[Event "Madrid ch - Previa A"]
[Site "Madrid ESP"]
[Date "2010.11.22"]
[Round "6.8"]
[White "Lopez Peral, Enrique"]
[Black "Maseda Iglesias, Luis"]
[Result "1/2-1/2"]
[WhiteElo "1881"]
[BlackElo "1787"]
[PlyCount "35"]
[EventDate "2010.11.10"]
[EventType "swiss"]
[EventRounds "9"]
[EventCountry "ESP"]
[Source "lmi"]
[SourceDate "2010.11.10"]

1. c4 c6 2. d4 d5 3. e3 Nf6 4. Bd3 e6 5. Nf3 Nbd7 6. c5 b6 7. cxb6 axb6 8. O-O
Ba6 9. Nc3 Bd6 10. Bxa6 Rxa6 11. Qd3 Ra8 12. Bd2 O-O 13. Rfc1 e5 14. dxe5 Nxe5
15. Nxe5 Bxe5 16. Rc2 Qd7 17. Ne2 c5 18. Bc3 1/2-1/2

[Event "Madrid ch - Previa A"]
[Site "Madrid ESP"]
[Date "2010.11.22"]
[Round "6.9"]
[White "Beekhof Harmsen, Willen"]
[Black "Garcia Lopez, Pedro"]
[Result "1/2-1/2"]
[WhiteElo "1806"]
[BlackElo "1854"]
[PlyCount "93"]
[EventDate "2010.11.10"]
[EventType "swiss"]
[EventRounds "9"]
[EventCountry "ESP"]
[Source "lmi"]
[SourceDate "2010.11.10"]

1. d4 f5 2. g3 g6 3. Bg2 Nf6 4. c4 e6 5. Nc3 d6 6. Nh3 Bg7 7. O-O O-O 8. Bg5 h6
9. Bxf6 Bxf6 10. Nf4 Kg7 11. e3 Re8 12. Nd3 c6 13. c5 d5 14. b4 b5 15. a4 bxa4
16. Qxa4 a6 17. b5 cxb5 18. Qa5 Qxa5 19. Rxa5 Nc6 20. Nxb5 Nxa5 21. Nc7 Bd7 22.
Ra1 Rec8 23. Nxa8 Rxa8 24. Rxa5 Bd8 25. Ra3 a5 26. h4 a4 27. Bf1 Rb8 28. Ne5
Be8 29. c6 Rb4 30. Ba6 Bc7 31. Nd3 Rb1+ 32. Kg2 Bxc6 33. Nc5 Kf6 34. Nxa4 Bd6
35. Ra2 e5 36. Rb2 Rxb2 37. Nxb2 e4 38. f4 g5 39. hxg5+ hxg5 40. Be2 Ba3 41.
Nd1 Bc1 42. Kf2 Bd2 43. Ba6 gxf4 44. gxf4 Bb4 45. Ke2 Kg6 46. Bc8 Bb5+ 47. Kf2
1/2-1/2

[Event "Madrid ch - Previa A"]
[Site "Madrid ESP"]
[Date "2010.11.22"]
[Round "6.10"]
[White "Olano Lanchas, Dionisio"]
[Black "Sarabia Utrilla, Joaquin"]
[Result "1/2-1/2"]
[WhiteElo "1765"]
[BlackElo "1820"]
[PlyCount "170"]
[EventDate "2010.11.10"]
[EventType "swiss"]
[EventRounds "9"]
[EventCountry "ESP"]
[Source "lmi"]
[SourceDate "2010.11.10"]

1. d4 d5 2. e3 c5 3. dxc5 e5 4. Nc3 Nf6 5. b4 a5 6. Ba3 Be7 7. Be2 O-O 8. Nf3
axb4 9. Bxb4 Nc6 10. a3 Bg4 11. Nb5 Ne4 12. c4 dxc4 13. Qxd8 Rfxd8 14. O-O Nxc5
15. h3 Be6 16. Nc7 Rac8 17. Nxe6 Nxe6 18. Bxc4 Nxb4 19. Bxe6 fxe6 20. axb4 Bxb4
21. Rab1 Rc4 22. Nxe5 Re4 23. Nf3 h6 24. Nd4 Bc5 25. Rxb7 Bxd4 26. exd4 Rdxd4
27. Rc1 Re2 28. Rcc7 Rd1+ 29. Kh2 Rxf2 30. Rxg7+ Kf8 31. Rh7 Kg8 32. Rxh6 Rdd2
33. Rg6+ Kf8 34. Rb5 Kf7 35. Rg4 Kf6 36. h4 e5 37. Rb6+ Kf7 38. Rbg6 Rd4 39.
Rg7+ Kf8 40. Rg8+ Kf7 41. R4g7+ Kf6 42. Kh3 Rd3+ 43. g3 e4 44. Rg4 Kf7 45.
R4g7+ Kf6 46. Rf8+ Kxg7 47. Rxf2 Kg6 48. Kg4 Ra3 49. Kf4 Kh5 50. Rg2 e3 51. g4+
Kg6 52. Re2 Ra4+ 53. Kf3 Ra1 54. Rxe3 Rh1 55. Re6+ Kg7 56. h5 Rf1+ 57. Kg3 Kf7
58. Ra6 Rg1+ 59. Kh4 Rh1+ 60. Kg5 Rb1 61. Ra7+ Kg8 62. h6 Rb8 63. Kh5 Kh8 64.
g5 Kg8 65. Rg7+ Kh8 66. Rf7 Kg8 67. Kg6 Rb6+ 68. Rf6 Rb8 69. Rc6 Rd8 70. Kf6
Rf8+ 71. Ke5 Kh7 72. Rc7+ Kh8 73. Ke6 Rg8 74. Rg7 Rxg7 75. hxg7+ Kxg7 76. Kf5
Kf7 77. g6+ Kg8 78. Kg5 Kg7 79. Kh5 Kg8 80. Kh6 Kh8 81. Kg5 Kg7 82. Kf5 Kg8 83.
Kf4 Kf8 84. Ke5 Kg7 85. Kf5 Kg8 1/2-1/2

[Event "Madrid ch - Previa A"]
[Site "Madrid ESP"]
[Date "2010.11.22"]
[Round "6.11"]
[White "Perez Del Amo, Jorge"]
[Black "Gonzalo Gonzalez, Francisco"]
[Result "1-0"]
[WhiteElo "1812"]
[BlackElo "1764"]
[PlyCount "115"]
[EventDate "2010.11.10"]
[EventType "swiss"]
[EventRounds "9"]
[EventCountry "ESP"]
[Source "lmi"]
[SourceDate "2010.11.10"]

1. d4 e5 2. dxe5 Nc6 3. Nf3 Qe7 4. Qd5 b6 5. Nc3 Bb7 6. Bg5 f6 7. exf6 gxf6 8.
Bh4 O-O-O 9. Qd1 Qb4 10. Rb1 Bg7 11. a3 Qa5 12. e4 Re8 13. Nd2 f5 14. Qh5 Nge7
15. Bd3 Bxc3 16. bxc3 Qxc3 17. Qh6 Ng6 18. O-O Nxh4 19. Rb3 Qa5 20. Nc4 Nf3+
21. gxf3 Qc5 22. Rb5 Qe7 23. Rxf5 Nd4 24. Rf4 Qc5 25. Rf7 Reg8+ 26. Kh1 Rg6 27.
Qf4 Bc6 28. Ne5 Ne6 29. Nxc6 Qxc6 30. Qf5 Nc5 31. Rf8+ Rxf8 32. Qxf8+ Kb7 33.
e5 Re6 34. Qf4 Nxd3 35. cxd3 Qc3 36. Qe4+ Ka6 37. Qa4+ Kb7 38. Qxd7 Qxe5 39.
Qxh7 Qe2 40. Kg2 Qa2 41. Rc1 Rc6 42. Qe4 Qg8+ 43. Kf1 Qe6 44. Qxc6+ Qxc6 45.
Rxc6 Kxc6 46. h4 Kd6 47. Kg2 a5 48. h5 Ke6 49. Kf1 Kf5 50. Ke2 Kg5 51. f4+ Kxh5
52. Ke3 Kg6 53. Ke4 c5 54. Kd5 Kf5 55. Kc6 Kxf4 56. Kxb6 Kf3 57. Kxc5 Kxf2 58.
d4 1-0

[Event "Madrid ch - Previa A"]
[Site "Madrid ESP"]
[Date "2010.11.22"]
[Round "6.12"]
[White "Benito Alba, Eladio"]
[Black "Fernandez Garcia, Ignacio"]
[Result "0-1"]
[WhiteElo "1761"]
[BlackElo "1948"]
[PlyCount "108"]
[EventDate "2010.11.10"]
[EventType "swiss"]
[EventRounds "9"]
[EventCountry "ESP"]
[Source "lmi"]
[SourceDate "2010.11.10"]

1. d4 d6 2. Nf3 Nf6 3. g3 h5 4. c4 e6 5. Nc3 Be7 6. Bg5 Ng4 7. Bxe7 Qxe7 8. h3
Nh6 9. Qd2 Nc6 10. Bg2 a6 11. e4 f5 12. O-O-O Bd7 13. d5 Ne5 14. Nxe5 dxe5 15.
d6 cxd6 16. Qxd6 Qxd6 17. Rxd6 Nf7 18. Rd2 Bc6 19. f4 Rd8 20. Rhd1 Ke7 21. exf5
exf5 22. Nd5+ Bxd5 23. Bxd5 e4 24. Bxb7 Rxd2 25. Rxd2 Nd6 26. Bxa6 h4 27. c5
Nf7 28. Bf1 hxg3 29. b4 g5 30. fxg5 Nxg5 31. c6 f4 32. Rd7+ Kf6 33. c7 Ne6 34.
Kd2 Rc8 35. Ke2 Nxc7 36. Bg2 Nb5 37. Bxe4 Nc3+ 38. Kf3 Nxe4 39. Kxe4 Rc4+ 40.
Kf3 Rxb4 41. Rd6+ Ke5 42. Rd8 Ra4 43. Re8+ Kf6 44. Re2 Kf5 45. Rb2 Kg5 46. Rb8
Ra3+ 47. Kg2 Rxa2+ 48. Kf3 Rf2+ 49. Ke4 g2 50. Rg8+ Kh4 51. Kf5 Kxh3 52. Rh8+
Kg3 53. Rg8+ Kf3 54. Rg4 Ke2 0-1

[Event "Madrid ch - Previa A"]
[Site "Madrid ESP"]
[Date "2010.11.22"]
[Round "6.13"]
[White "Rojas Pozo, Jose Luis"]
[Black "De Dompablo Fantova, Juan"]
[Result "1-0"]
[WhiteElo "1946"]
[BlackElo "1755"]
[PlyCount "94"]
[EventDate "2010.11.10"]
[EventType "swiss"]
[EventRounds "9"]
[EventCountry "ESP"]
[Source "lmi"]
[SourceDate "2010.11.10"]

1. e4 c5 2. Nf3 d6 3. d4 cxd4 4. Nxd4 Nf6 5. Nc3 g6 6. Be3 Bg7 7. f3 O-O 8. Bc4
Nc6 9. Qd2 Bd7 10. O-O-O Rc8 11. Bb3 Ne5 12. Kb1 Nc4 13. Bxc4 Rxc4 14. g4 a6
15. h4 h5 16. g5 Ne8 17. Nde2 Qa5 18. Bd4 Bxd4 19. Nxd4 b5 20. Nd5 Qxd2 21.
Nxe7+ Kh7 22. Rxd2 Nc7 23. Ne2 Re8 24. Nd5 Nxd5 25. Rxd5 Rc6 26. Rhd1 Rec8 27.
c3 Be6 28. Rxd6 Bc4 29. Nf4 Kg7 30. b3 Bxb3 31. axb3 Rxc3 32. R6d3 Rc2 33. R1d2
Rc1+ 34. Kb2 Rh1 35. Rc3 Rxc3 36. Kxc3 Rxh4 37. Nd5 Rh3 38. Rd3 Rg3 39. f4 Rg1
40. Kb4 Rh1 41. Ka5 h4 42. Kxa6 h3 43. Kxb5 h2 44. Rh3 Rb1 45. Rxh2 Rxb3+ 46.
Kc6 Rf3 47. Kd7 Re3 1-0

[Event "Madrid ch - Previa A"]
[Site "Madrid ESP"]
[Date "2010.11.22"]
[Round "6.14"]
[White "Noriega De La Sierra, Antonio"]
[Black "Corredor Gonzalez, Angel L"]
[Result "1/2-1/2"]
[WhiteElo "1862"]
[BlackElo "1748"]
[PlyCount "111"]
[EventDate "2010.11.10"]
[EventType "swiss"]
[EventRounds "9"]
[EventCountry "ESP"]
[Source "lmi"]
[SourceDate "2010.11.10"]

1. d4 Nf6 2. c4 e6 3. Nf3 c5 4. g3 cxd4 5. Nxd4 Bc5 6. Nb3 Be7 7. Bg2 Nc6 8.
O-O O-O 9. Nc3 a6 10. Be3 Ng4 11. Bf4 d6 12. e4 Nge5 13. Qe2 Qb6 14. Rac1 a5
15. Be3 Qb4 16. Nd1 a4 17. Nd4 a3 18. b3 Qa5 19. Nb5 Bd7 20. Ndc3 Nb4 21. Rfd1
Bxb5 22. Nxb5 Rfd8 23. Rd2 Rd7 24. Rcd1 Rad8 25. Bf4 Nbc6 26. Be3 Nb4 27. f4
Nec6 28. Bc5 d5 29. Bxe7 Rxe7 30. e5 Red7 31. Qf2 Ne7 32. Nd6 b6 33. cxd5 Nbxd5
34. Nc4 Qb4 35. Nd6 Nc3 36. Rc1 Nf5 37. Rdc2 Nxd6 38. Rxc3 Ne4 39. Bxe4 Rd1+
40. Kg2 Qxe4+ 41. Kh3 h5 42. Rxd1 Rxd1 43. Rc8+ Kh7 44. Qc2 Rd3 45. Qc1 h4 46.
Rc3 Qf5+ 47. Kg2 h3+ 48. Kf2 Qe4 49. Rxd3 Qxd3 50. Qe3 Qc2+ 51. Qe2 Qb2 52. Ke3
g6 53. Qd2 Kg7 54. Kd3 Qb1+ 55. Qc2 Qe1 56. Qd2 1/2-1/2

[Event "Madrid ch - Previa A"]
[Site "Madrid ESP"]
[Date "2010.11.22"]
[Round "6.16"]
[White "Fernandez Martinez, Jose"]
[Black "Algaba Traspuesto, Jose Antonio"]
[Result "0-1"]
[WhiteElo "1794"]
[BlackElo "1717"]
[PlyCount "96"]
[EventDate "2010.11.10"]
[EventType "swiss"]
[EventRounds "9"]
[EventCountry "ESP"]
[Source "lmi"]
[SourceDate "2010.11.10"]

1. e4 Nf6 2. Nc3 d5 3. e5 d4 4. exf6 dxc3 5. fxg7 cxd2+ 6. Qxd2 Qxd2+ 7. Bxd2
Bxg7 8. O-O-O Bd7 9. Bc4 Nc6 10. f3 e6 11. Nh3 h6 12. Nf2 O-O-O 13. Rhe1 Ne7
14. Ne4 Bc6 15. Bc3 Bxc3 16. Nxc3 Nf5 17. Rxd8+ Rxd8 18. Rd1 Ne3 19. Rxd8+ Kxd8
20. Bd3 Nxg2 21. Be4 Kd7 22. Kd2 f5 23. Bxc6+ Kxc6 24. Ne2 Kc5 25. f4 Kd5 26.
Nc3+ Kc5 27. Ne2 a6 28. c3 Kd5 29. Kd3 e5 30. fxe5 Kxe5 31. Nd4 Nf4+ 32. Ke3
Ne6 33. Nf3+ Kf6 34. Kd3 Ng5 35. Nd4 Ke5 36. Ke3 f4+ 37. Kf2 Ke4 38. Nb3 b6 39.
Nd4 f3 40. Nc2 Nh3+ 41. Kf1 c5 42. Ne1 f2 43. Nc2 Kd3 44. Na3 b5 45. b4 c4 46.
Nxb5 axb5 47. a4 Nf4 48. axb5 Nd5 0-1

[Event "Madrid ch - Previa A"]
[Site "Madrid ESP"]
[Date "2010.11.22"]
[Round "6.17"]
[White "Martinez Miura, Enrique"]
[Black "Kalynovsky, Martin"]
[Result "0-1"]
[WhiteElo "1733"]
[BlackElo "1694"]
[PlyCount "92"]
[EventDate "2010.11.10"]
[EventType "swiss"]
[EventRounds "9"]
[EventCountry "ESP"]
[Source "lmi"]
[SourceDate "2010.11.10"]

1. e4 c5 2. c4 Nc6 3. Nc3 d6 4. g3 g6 5. Bg2 Bg7 6. Nge2 e6 7. O-O Nge7 8. d3
O-O 9. Be3 h6 10. Qd2 Kh7 11. d4 b6 12. Rad1 Bb7 13. f4 f5 14. dxc5 dxc5 15.
Qc1 Nd4 16. e5 Nxe2+ 17. Nxe2 Qc8 18. Rd6 Bxg2 19. Kxg2 Rd8 20. Rxd8 Qxd8 21.
Rd1 Qc7 22. Rd6 Rd8 23. Qd2 Rxd6 24. exd6 Qb7+ 25. Kg1 Nc6 26. d7 Qc7 27. Nc3
Nd4 28. Bxd4 Bxd4+ 29. Kg2 Qxd7 30. Ne2 Qc6+ 31. Kh3 e5 32. fxe5 Bxe5 33. Nf4
g5 34. Nd5 Qe6 35. Kg2 Bd4 36. b3 Qe4+ 37. Kh3 g4+ 38. Kh4 Qe6 39. Qf4 Kg6 40.
Qxg4+ fxg4 41. Nf4+ Kf6 42. Nxe6 Kxe6 43. Kxg4 Bg7 44. Kf4 a6 45. a4 Bc3 46. g4
Be5+ 0-1

[Event "Madrid ch - Previa A"]
[Site "Madrid ESP"]
[Date "2010.11.22"]
[Round "6.18"]
[White "Rodriguez Lopez-Cañizares, Francisco"]
[Black "Prieto Saiz, Carlos Francisco"]
[Result "1-0"]
[WhiteElo "1680"]
[BlackElo "1753"]
[PlyCount "91"]
[EventDate "2010.11.10"]
[EventType "swiss"]
[EventRounds "9"]
[EventCountry "ESP"]
[Source "lmi"]
[SourceDate "2010.11.10"]

1. d4 d5 2. Bf4 Nf6 3. e3 e6 4. Bd3 c5 5. c3 Nc6 6. Nf3 cxd4 7. exd4 Bd6 8. Bg3
O-O 9. Nbd2 Re8 10. Ne5 Qc7 11. f4 a5 12. Ndf3 h6 13. Bh4 Be7 14. Qc2 Nxe5 15.
Nxe5 Ne4 16. Bxe7 Qxe7 17. Bxe4 dxe4 18. Qxe4 Rb8 19. O-O Bd7 20. Nxd7 Qxd7 21.
Rf3 Qd5 22. Qxd5 exd5 23. Kf2 Re6 24. Re1 Rb6 25. b3 Kf8 26. Re5 Rd6 27. Rfe3
b5 28. Re7 b4 29. cxb4 axb4 30. Ra7 Rf6 31. g3 Re6 32. Re5 Rbe8 33. Ra4 f6 34.
Rxe6 Rxe6 35. Rxb4 Ra6 36. a4 Ra5 37. Rb5 Rxb5 38. axb5 Ke7 39. Ke3 Kd6 40. Kd3
Kc7 41. Kc3 Kb6 42. Kb4 f5 43. h4 g6 44. Ka4 h5 45. Kb4 Kc7 46. Kc5 1-0

[Event "Madrid ch - Previa A"]
[Site "Madrid ESP"]
[Date "2010.11.22"]
[Round "6.19"]
[White "Lucia Carpintero, Oscar"]
[Black "Hernandez Del Can, Jose"]
[Result "1-0"]
[WhiteElo "1668"]
[BlackElo "1726"]
[PlyCount "41"]
[EventDate "2010.11.10"]
[EventType "swiss"]
[EventRounds "9"]
[EventCountry "ESP"]
[Source "lmi"]
[SourceDate "2010.11.10"]

1. f4 d6 2. e4 Nd7 3. Nf3 e6 4. Be2 Ngf6 5. e5 Nd5 6. d4 c5 7. c4 Nc7 8. d5
dxe5 9. fxe5 exd5 10. cxd5 Nb6 11. d6 Ne6 12. O-O h6 13. Nc3 Bd7 14. Be3 Rc8
15. Qe1 Ng5 16. Qf2 f6 17. Nxg5 hxg5 18. Bxg5 Be6 19. Bb5+ Nd7 20. exf6 Qb6 21.
f7+ 1-0

[Event "Madrid ch - Previa A"]
[Site "Madrid ESP"]
[Date "2010.11.22"]
[Round "6.21"]
[White "Benito Mellado, Humberto"]
[Black "Cortijo Manso, Luis"]
[Result "1-0"]
[WhiteElo "1626"]
[BlackElo "1592"]
[PlyCount "95"]
[EventDate "2010.11.10"]
[EventType "swiss"]
[EventRounds "9"]
[EventCountry "ESP"]
[Source "lmi"]
[SourceDate "2010.11.10"]

1. d4 Nf6 2. c4 c5 3. e3 cxd4 4. exd4 g6 5. Nf3 Bg7 6. g3 O-O 7. Bg2 d5 8. c5
Nc6 9. O-O b6 10. Nc3 e6 11. Be3 Nd7 12. Rb1 bxc5 13. dxc5 Nde5 14. Nxe5 Bxe5
15. Bh6 Re8 16. Qd2 Ba6 17. Rfe1 Bh8 18. b4 Ne5 19. b5 Nc4 20. Qd3 Qa5 21. Rec1
Bc8 22. Bf4 Qa3 23. c6 Qc5 24. Na4 Qd4 25. Qxd4 Bxd4 26. Bf1 Ne5 27. Rb4 Nc4
28. Bxc4 dxc4 29. Rcxc4 Bg7 30. Nc5 e5 31. Be3 Bf8 32. a4 Rd8 33. Kg2 a5 34.
Rb2 Bg7 35. Rd2 Re8 36. c7 Bf6 37. b6 Kg7 38. b7 Bxb7+ 39. Nxb7 Rac8 40. Nd6
Rf8 41. Nxc8 Rxc8 42. Bb6 Bg5 43. Rd8 Bxd8 44. cxd8=Q Rxc4 45. Qd5 Rxa4 46.
Qxe5+ f6 47. Qe7+ Kh6 48. Be3+ 1-0

[Event "Madrid ch - Previa A"]
[Site "Madrid ESP"]
[Date "2010.11.22"]
[Round "6.22"]
[White "Tirado Parra, Alberto"]
[Black "Hernanz Villaoslada, Javier"]
[Result "1-0"]
[WhiteElo "1908"]
[BlackElo "1669"]
[PlyCount "83"]
[EventDate "2010.11.10"]
[EventType "swiss"]
[EventRounds "9"]
[EventCountry "ESP"]
[Source "lmi"]
[SourceDate "2010.11.10"]

1. Nf3 Nf6 2. b3 d6 3. e3 e5 4. Bb2 g6 5. d4 e4 6. Nfd2 Bg7 7. c4 O-O 8. Nc3
Re8 9. Be2 c6 10. O-O d5 11. cxd5 cxd5 12. Rc1 Nc6 13. a3 a6 14. b4 Qd6 15. b5
Ne7 16. Nb3 Nd7 17. Na4 f5 18. Nac5 Qf6 19. Qd2 Nxc5 20. Nxc5 b6 21. Nxa6 Bxa6
22. bxa6 Rec8 23. Rxc8+ Rxc8 24. Rc1 Qe6 25. Rxc8+ Qxc8 26. Qc3 Qxc3 27. Bxc3
Nc6 28. Bb4 Bf8 29. h4 Bxb4 30. axb4 Kf7 31. Bd1 Ke7 32. Kf1 Kd6 33. Bb3 Na7
34. f3 Kc6 35. g4 b5 36. Kf2 Nc8 37. gxf5 gxf5 38. Kg3 Nd6 39. Bxd5+ Kb6 40.
fxe4 fxe4 41. Kf4 Kxa6 42. Bxe4 1-0

[Event "Madrid ch - Previa A"]
[Site "Madrid ESP"]
[Date "2010.11.22"]
[Round "6.25"]
[White "Martinez Carrasco, Jesus"]
[Black "Zhynguel Ramirez De Verger, Aleksei"]
[Result "1/2-1/2"]
[WhiteElo "1577"]
[BlackElo "1443"]
[PlyCount "77"]
[EventDate "2010.11.10"]
[EventType "swiss"]
[EventRounds "9"]
[EventCountry "ESP"]
[Source "lmi"]
[SourceDate "2010.11.10"]

1. e4 c5 2. Nf3 d6 3. d4 Nf6 4. Nc3 cxd4 5. Nxd4 Nc6 6. Be3 g6 7. f3 Bg7 8. Qd2
Bd7 9. Bc4 e6 10. O-O-O a6 11. h4 Qe7 12. Bg5 h6 13. Be3 b5 14. Bb3 Ne5 15. Bf2
O-O 16. Kb1 Rfd8 17. g4 h5 18. g5 Ne8 19. Rhe1 Nc4 20. Qd3 Rac8 21. f4 Na5 22.
f5 Nxb3 23. axb3 Be5 24. f6 Qf8 25. Bg3 Bxg3 26. Qxg3 b4 27. Nce2 d5 28. exd5
exd5 29. Nf4 Bg4 30. Rd2 Qd6 31. Qf2 Nc7 32. Nd3 Re8 33. Qg1 Rxe1+ 34. Qxe1 Re8
35. Qg1 a5 36. Nf2 Bd7 37. Nd3 a4 38. bxa4 Bxa4 39. Qf2 1/2-1/2

[Event "Madrid ch - Previa A"]
[Site "Madrid ESP"]
[Date "2010.11.23"]
[Round "7.2"]
[White "Perez Cameselle, Francisco"]
[Black "Montero Garcia, Fco. Javier"]
[Result "1/2-1/2"]
[WhiteElo "1882"]
[BlackElo "1925"]
[PlyCount "117"]
[EventDate "2010.11.10"]
[EventType "swiss"]
[EventRounds "9"]
[EventCountry "ESP"]
[Source "lmi"]
[SourceDate "2010.11.10"]

1. e4 c5 2. d3 Nc6 3. Nf3 d6 4. g3 g6 5. Bg2 Bg7 6. O-O e5 7. Nc3 Nge7 8. Ne1
O-O 9. f4 Be6 10. Nf3 h6 11. Be3 Rb8 12. fxe5 Nxe5 13. Nxe5 Bxe5 14. Bxh6 Bg7
15. Bxg7 Kxg7 16. d4 Qb6 17. d5 Bd7 18. b3 f6 19. Kh1 Rh8 20. Qf3 Rbf8 21. Rae1
g5 22. Nd1 Ng6 23. Ne3 Qd8 24. Nf5+ Bxf5 25. Qxf5 Ne5 26. Rf2 Rh6 27. Bf3 Rfh8
28. Bd1 Qa5 29. Ref1 Re8 30. Be2 a6 31. a4 Qc3 32. Kg1 Qe3 33. Kg2 Reh8 34. Rh1
Qd4 35. h3 Qe3 36. Bd1 Qd4 37. Be2 Qe3 38. Bd1 Qd4 39. Bf3 Re8 40. Rd1 Qc3 41.
Bg4 Qb4 42. Rdf1 Qc3 43. Re2 Qb4 44. Qf2 Nxg4 45. hxg4 Reh8 46. Kf3 Qc3+ 47.
Qe3 Qe5 48. Rg2 Rh1 49. Rgg1 Rxg1 50. Rxg1 Rh2 51. Rg2 Rh1 52. Re2 Qa1 53. Rf2
Qd1+ 54. Qe2 Qa1 55. Qd3 Qc1 56. Qe3 Qd1+ 57. Qe2 Qa1 58. Qd3 Qe1 59. Qe3
1/2-1/2